00794cam a22002531 45000010008000000030004000080050017000120080041000290100015000700200015000850350019001000400017001190420012001360500015001481000020001632450062001832460051002452500012002962600036003083000020003445000033003645050123003976500020005205928591OSt20230602122728.0761001s1927 nyu 000 0 eng  a2006044793 a0205308902 a(OCoLC)2476541 aDLCcLCdDLC apremarc00aPN4129.Z361 aZarefsky, David10aPublic speaking strategies for success. /cDavid Zarefsky aAllyn & Bacon interactive edition user's guide a2nd ed. aBoston :bAllyn & Bacon,c2000. a48 p. :eCD-ROM a[1 CD-ROM inside back cover] aContents: Minimum recommended system requirements -- Installation instructions -- What is the interactive edition? --  aPublic speaking